The Only Letter V Quiz Stats

 Plays Quiz Updated Feb 24, 2016

Also try: The Only Letter IV
Challenge
Share
Tweet
Embed
Score 0/26 Timer 01:30
0 Plays Today
% Correct
U
91.1%
B
89.5%
S
89.2%
N
88.7%
D
88.5%
A
88.4%
V
87.7%
P
87.3%
F
86.7%
I
86%
Q
82.8%
R
80.4%
L
80.2%
% Correct
Y
78.6%
X
74.9%
K
74.3%
G
70.3%
M
67.4%
Z
67%
E
65.7%
J
64.9%
C
60.9%
O
55.5%
W
55.3%
H
49.8%
T
46.9%

You're not logged in!

Compare scores with friends on all Sporcle quizzes.
OR
Log In

You Might Also Like...

Show Comments

Extras

Top Quizzes Today


Score Distribution

Your Account Isn't Verified!

In order to create a playlist on Sporcle, you need to verify the email address you used during registration. Go to your Sporcle Settings to finish the process.

Report this User

Report this user for behavior that violates our Community Guidelines.

Details: